000 00236nam a2200097Ia 4500
001 713430
005 20250826162846.0
008 250824s9999 xx 000 0 und d
245 0 _aZEHR-İ BAL
_cSEZGİN IRMAK
260 _bPORTAKAL YAYINLARI
999 _c713430
_d713430